000 01284nam a22003017a 4500
005 20240305165504.0
007 cr|||| ||||
008 180402s2017 mx |||||s|||| 00||0 spa d
020 _a978-607-8156-65-8
035 _a21207
040 _avLex
090 _c7637
_d7637
100 1 _aGarcía Ayala, Esperanza de Jesús
245 1 0 _aPerspectivas del Derecho
_h[Recurso electrónico] /
_cEsperanza de Jesús García Ayala, Aracely Reyes López
256 _aServicio en línea
260 _aVeracruz:
_bUniversidad de Xalapa,
_c2017
300 _a1 recurso electrónico
506 1 _aDisponible solo en los productos indicados
_dvLex Global
_dvLex Global (Academic Edition, excluding Law Schools)
_dvLex Global (U.S. Academic Edition, Law Schools)
_dvLex Global (U.S. Academic Edition, excluding Law Schools)
_dvLex Global (Academic Edition, Law Schools)
650 0 4 _aDerecho Laboral y Seguridad Social
_zMéxico
650 0 4 _aDerecho Penal
_zMéxico
650 0 4 _aDerecho Fiscal
_zMéxico
650 0 4 _aDerecho Público y Administrativo
_zMéxico
650 0 4 _aDerecho Constitucional
_zMéxico
700 1 _aReyes López, Aracely
740 0 _avLex Libros (Servicio en línea)
856 4 0 _uhttps://app.vlex.com/#/sources/perspectivas-derecho-21207
942 _cRAA
999 _c165874
_d165874